Geography Quiz

Random Geography or State Quiz

Layered USA Quiz Stats

 Plays Quiz Updated Sep 7, 2017

Score 0/156 Timer 15:00
4 Plays Today
% Correct
1 Answer
100%
2 Answers
100%
 
100%
3 Answers
100%
 
100%
 
100%
California
86.1%
Texas
85.9%
New York
85.8%
Washington
85.6%
Florida
84.5%
Nevada
83.7%
Maine
83.6%
Oregon
83.4%
Idaho
83.3%
North Dakota
83.2%
New Mexico
83.2%
Arizona
83.2%
South Dakota
83%
Alaska
83%
Ohio
83%
North Carolina
82.8%
Michigan
82.8%
Colorado
82.7%
Alabama
82.7%
South Carolina
82.7%
Georgia
82.7%
Utah
82.7%
Virginia
82.6%
Montana
82.4%
Hawaii
82.3%
Louisiana
82.3%
Illinois
82.2%
New Jersey
82.1%
Pennsylvania
82%
Oklahoma
82%
Mississippi
82%
Kansas
81.9%
Arkansas
81.8%
Tennessee
81.7%
Vermont
81.7%
Indiana
81.7%
West Virginia
81.6%
Kentucky
81.6%
Wyoming
81.4%
New Hampshire
81.2%
Iowa
81%
Wisconsin
81%
Minnesota
81%
Maryland
80.9%
Nebraska
80.9%
Missouri
80.9%
% Correct
Rhode Island
80.8%
Massachusetts
80.7%
Delaware
80.2%
Connecticut
80%
Austin
79%
Sacramento
78.6%
Albany
77%
Boston
76.7%
Atlanta
76.1%
Denver
75.7%
1787
75.2%
1787
75.2%
1787
75.2%
Phoenix
75.1%
1803
75%
1812
74.8%
Honolulu
74.7%
Salt Lake City
74.6%
1789
74.6%
1790
74.5%
1850
74.4%
1792
74.4%
1820
74.3%
1788
74.3%
1788
74.3%
1788
74.3%
1788
74.3%
1788
74.3%
1788
74.3%
1788
74.3%
1788
74.3%
1791
74.3%
Tallahassee
74.2%
1816
74.1%
1821
74%
1796
74%
Oklahoma City
74%
1845
73.9%
1845
73.9%
1836
73.7%
1819
73.6%
1848
73.3%
1818
73.3%
1858
73.2%
1817
73.2%
1861
73.1%
1876
73%
1846
73%
1863
72.9%
1837
72.8%
1889
72.7%
1889
72.7%
% Correct
1889
72.7%
1889
72.7%
Baton Rouge
72.6%
Indianapolis
72.6%
1867
72.5%
1864
72.4%
Boise
72.4%
1890
72.3%
1890
72.3%
1859
72.3%
1912
71.8%
1912
71.8%
1896
71.8%
1959
71.8%
1959
71.8%
Juneau
71.5%
1907
71.4%
Nashville
71.2%
Columbus
70.8%
Little Rock
70.5%
Springfield
70.2%
Carson City
69.4%
Saint Paul
69.4%
Jackson
69%
Raleigh
68.9%
Salem
68.8%
Olympia
68.4%
Trenton
67.2%
Lansing
67.2%
Des Moines
67.1%
Santa Fe
67%
Helena
66.9%
Providence
66.6%
Dover
66.5%
Richmond
66.4%
Lincoln
66.3%
Annapolis
66.2%
Harrisburg
66.2%
Augusta
65.8%
Charleston
65.8%
Madison
65.7%
Cheyenne
65.6%
Hartford
65.1%
Topeka
65.1%
Pierre
64.3%
Columbia
63.7%
Montpelier
63.5%
Bismarck
63.3%
Montgomery
63.2%
Frankfort
62.9%
Jefferson City
61.4%
Concord
60.5%

You're not logged in!

Compare scores with friends on all Sporcle quizzes.
OR
Log In

You Might Also Like...

Show Comments

Extras

Top Quizzes Today


Score Distribution

Your Account Isn't Verified!

In order to create a playlist on Sporcle, you need to verify the email address you used during registration. Go to your Sporcle Settings to finish the process.

Report this User

Report this user for behavior that violates our Community Guidelines.

Details: